[Event "Madrid Tajamar Easter op-B"]
[Site "Madrid"]
[Date "2018.03.24"]
[Round "4"]
[White "Garcia Martin, Juan Manuel"]
[Black "Lopez Garcia, Rafael"]
[Result "1-0"]
[WhiteElo "1723"]
[BlackElo "1430"]
[PlyCount "117"]
[EventDate "2018.03.22"]
[EventType "swiss"]
[EventRounds "7"]
[EventCountry "ESP"]
[SourceTitle "EXT 2019"]
[Source "ChessBase"]
[SourceDate "2018.10.10"]
[SourceVersion "1"]
[SourceVersionDate "2018.10.10"]
[SourceQuality "1"]

1. d4 e5 2. dxe5 Nc6 3. Nf3 Qe7 4. Nc3 Nxe5 5. Nxe5 Qxe5 6. Qd5 d6 7. Qxe5+ dxe5 8. Nb5 Bd6 9. Nxd6+ cxd6 10. g3 Nf6 11. Bg2 h6 12. 0-0 0-0 13. Rd1 Rd8 14. b3 d5 15. Ba3 Be6 16. Be7 Rd7 17. Bxf6 gxf6 18. Rd2 Rad8 19. Rad1 b5 20. e3 f5 21. f4 e4 22. Bf1 a6 23. c4 bxc4 24. bxc4 dxc4 25. Rxd7 Rxd7 26. Rxd7 Bxd7 27. Bxc4 a5 28. Kf2 Kf8 29. Ke2 Ke7 30. Kd2 f6 31. Kc3 Kd6 32. Kd4 h5 33. h4 Be8 34. Bg8 a4 35. a3 Bg6 36. Kc4 Be8 37. Bh7 Bf7+ 38. Kb4 Kd5 39. Bxf5 Be8 40. Bh3 Bc6 41. Bf5 Be8 42. Bc8 Bf7 43. Bf5 Be8 44. g4 hxg4 45. Bxg4 Bg6 46. Kxa4 Kc4 47. h5 Bh7 48. Be2+ Kc3 49. Kb5 Kd2 50. Bc4 Kxe3 51. a4 Kxf4 52. a5 e3 53. a6 Kg5 54. Be2 Be4 55. Kc5 f5 56. Kd4 Ba8 57. Kxe3 f4+ 58. Kf2 Bc6 59. Bf3 1-0

[Event "Ferrol op 32th"]
[Site "Ferrol"]
[Date "2017.07.23"]
[Round "8"]
[White "Martinez Serantes, Oscar"]
[Black "Garcia Martin, Juan Manuel"]
[Result "1-0"]
[WhiteElo "1450"]
[BlackElo "1730"]
[PlyCount "57"]
[EventDate "2017.07.16"]
[EventType "swiss"]
[EventRounds "9"]
[EventCountry "ESP"]
[SourceTitle "EXT 2024"]
[Source "ChessBase"]
[SourceDate "2023.10.10"]
[SourceVersion "1"]
[SourceVersionDate "2023.10.10"]
[SourceQuality "1"]

1. Nf3 Nf6 2. c4 g6 3. Nc3 Bg7 4. d4 d5 5. Bf4 c6 6. e3 e6 7. cxd5 Nxd5 8. Be5 Bxe5 9. Nxe5 Nd7 10. Be2 Nxc3 11. bxc3 Nxe5 12. dxe5 Qxd1+ 13. Rxd1 Ke7 14. 0-0 Rd8 15. Rd4 c5 16. Rxd8 Kxd8 17. Rd1+ Kc7 18. Bb5 a6 19. Be8 b6 20. Bxf7 Bd7 21. Rd6 Rd8 22. h3 Bc8 23. Bxe6 Re8 24. Bxc8 Rxe5 25. Re6 Rd5 26. Bxa6 Rd1+ 27. Kh2 Rd2 28. a4 Rxf2 29. Re7+ 1-0

[Event "Ferrol op 32th"]
[Site "Ferrol"]
[Date "2017.07.19"]
[Round "4"]
[White "Fernandez Rilo, Juan"]
[Black "Garcia Martin, Juan Manuel"]
[Result "0-1"]
[WhiteElo "1443"]
[BlackElo "1730"]
[PlyCount "56"]
[EventDate "2017.07.16"]
[EventType "swiss"]
[EventRounds "9"]
[EventCountry "ESP"]
[SourceTitle "EXT 2024"]
[Source "ChessBase"]
[SourceDate "2023.10.10"]
[SourceVersion "1"]
[SourceVersionDate "2023.10.10"]
[SourceQuality "1"]

1. e4 d5 2. e5 Bf5 3. d4 e6 4. Bd3 Bxd3 5. Qxd3 c5 6. Ne2 Nc6 7. c3 cxd4 8. cxd4 Bb4+ 9. Bd2 Bxd2+ 10. Nxd2 Nge7 11. 0-0 0-0 12. Ng3 Qb6 13. Nb3 Rac8 14. Rfc1 Rc7 15. Rc5 Nxe5 16. Qb5 Qxb5 17. Rxb5 N5c6 18. Rc5 b6 19. Rc3 g6 20. Rac1 Rfc8 21. Nd2 Kf8 22. b4 a6 23. a4 b5 24. axb5 axb5 25. Nb3 Ke8 26. Na5 Kd7 27. Nxc6 Rxc6 28. Rc5 Ra8 0-1

[Event "Madrid San Viator op 22nd"]
[Site "Madrid"]
[Date "2014.04.06"]
[Round "3"]
[White "Garcia Martin, Juan Manuel"]
[Black "Sotoca Aguado, Jose"]
[Result "0-1"]
[WhiteElo "1787"]
[BlackElo "1964"]
[PlyCount "112"]
[EventDate "2014.03.23"]
[EventType "swiss"]
[EventRounds "9"]
[EventCountry "ESP"]
[SourceTitle "EXT 2015"]
[Source "ChessBase"]
[SourceDate "2014.11.20"]
[SourceVersion "1"]
[SourceVersionDate "2014.11.20"]
[SourceQuality "1"]

1. d4 Nf6 2. Bf4 d5 3. Nf3 e6 4. e3 c5 5. c3 Nc6 6. Nbd2 Be7 7. Ne5 Qb6 8. b3 Nxe5 9. Bxe5 Bd7 10. Bd3 Rc8 11. 0-0 cxd4 12. Bxf6 Bxf6 13. cxd4 0-0 14. Rc1 Rxc1 15. Qxc1 e5 16. dxe5 Bxe5 17. Nf3 Bf6 18. Qb1 g6 19. h3 Bc3 20. Rc1 Qf6 21. Be2 Bf5 22. Bd3 Be6 23. Rc2 Rd8 24. Qc1 Bb4 25. Qd1 Bd6 26. Bf1 Bf5 27. Rd2 Be4 28. Bd3 Bb4 29. Rc2 Qe7 30. Bxe4 dxe4 31. Nd4 Bd6 32. Qc1 Rd7 33. Rc8+ Kg7 34. g3 Be5 35. Rc4 a6 36. a4 h5 37. h4 Qf6 38. Qa3 Bxd4 39. Rc8 Qd6 40. Qxd6 Rxd6 41. exd4 Rxd4 42. Rc7 Rb4 43. Rc3 Kf6 44. Kg2 Ke5 45. Re3 Kd4 46. Kf1 b5 47. axb5 Rxb5 48. Ke2 Rc5 49. Kd2 Ra5 50. Ke2 Ra2+ 51. Kf1 f5 52. Kg1 Rc2 53. Re1 a5 54. Ra1 Rc5 55. Kf1 Kc3 56. Ke2 Kxb3 0-1

[Event "Madrid San Viator op 22nd"]
[Site "Madrid"]
[Date "2014.03.23"]
[Round "1"]
[White "Mosteiro Montoro, Alvaro"]
[Black "Garcia Martin, Juan Manuel"]
[Result "0-1"]
[WhiteElo "1654"]
[BlackElo "1787"]
[PlyCount "100"]
[EventDate "2014.03.23"]
[EventType "swiss"]
[EventRounds "9"]
[EventCountry "ESP"]
[SourceTitle "EXT 2015"]
[Source "ChessBase"]
[SourceDate "2014.11.20"]
[SourceVersion "1"]
[SourceVersionDate "2014.11.20"]
[SourceQuality "1"]

1. d4 Nf6 2. Nf3 d6 3. c4 g6 4. Nc3 Bg7 5. e4 0-0 6. Be2 c5 7. d5 Nbd7 8. 0-0 Ng4 9. Qc2 Nge5 10. Nxe5 Nxe5 11. h3 e6 12. f4 Nd7 13. Be3 e5 14. f5 g5 15. Bg4 f6 16. Nb5 Nb6 17. Bd2 a6 18. Nc3 Nxc4 19. Ne2 Nxd2 20. Qxd2 Bd7 21. Ng3 b5 22. Bh5 Be8 23. Qe2 Bxh5 24. Nxh5 Qe8 25. Qg4 Qf7 26. Rf3 Rfc8 27. h4 h6 28. hxg5 hxg5 29. Rh3 Kf8 30. Ng3 Ke7 31. Kf2 Rh8 32. Rah1 Rxh3 33. gxh3 Rh8 34. h4 Rxh4 35. Rxh4 gxh4 36. Qxh4 Qg8 37. Qg4 Qh7 38. Qh5 Qxh5 39. Nxh5 Bh6 40. Ke2 Bg5 41. b3 Bh4 42. Kd3 Kf7 43. Ke2 Kg8 44. Kf3 Kh7 45. Kg4 Bg5 46. Ng3 c4 47. bxc4 bxc4 48. Kf3 c3 49. Ne2 c2 50. Kg4 Kh6 0-1

[Event "Madrid San Viator op 21st"]
[Site "Madrid"]
[Date "2013.11.17"]
[Round "9"]
[White "Garcia Martin, Juan Manuel"]
[Black "Rendo Quindos, Pedro"]
[Result "0-1"]
[WhiteElo "1797"]
[BlackElo "1607"]
[PlyCount "88"]
[EventDate "2013.09.29"]
[EventType "swiss"]
[EventRounds "9"]
[EventCountry "ESP"]
[SourceTitle "EXT 2015"]
[Source "ChessBase"]
[SourceDate "2014.11.20"]
[SourceVersion "1"]
[SourceVersionDate "2014.11.20"]
[SourceQuality "1"]

1. d4 Nf6 2. Bf4 g6 3. Nf3 Bg7 4. e3 d6 5. Bd3 0-0 6. 0-0 c5 7. c3 cxd4 8. exd4 Nbd7 9. Bc2 a6 10. Nbd2 b5 11. a3 Bb7 12. Re1 Nb6 13. h3 Rc8 14. Qe2 Re8 15. a4 bxa4 16. Bxa4 Nxa4 17. Rxa4 Qd7 18. Ra5 Qc6 19. c4 Qb6 20. Ra4 Qxb2 21. Rb1 Qc2 22. Rab4 Bxf3 23. Qxf3 Nh5 24. g4 Nxf4 25. Qxf4 e5 26. Qe3 exd4 27. Qf4 Be5 28. Qh6 Bg7 29. Qf4 a5 30. Rb7 Rf8 31. Ne4 Rxc4 32. Nxd6 Rb4 33. R1xb4 axb4 34. Rxf7 Qb1+ 35. Kg2 Qa2 36. Rxf8+ Bxf8 37. Qxd4 Qe6 38. Ne4 b3 39. Nf6+ Kf7 40. Nxh7 Qc6+ 41. f3 Qc2+ 42. Kg3 Be7 43. Qd7 Qc5 44. h4 Qd6+ 0-1

[Event "Madrid-ch"]
[Site "Madrid"]
[Date "2012.11.15"]
[Round "8"]
[White "Garcia Martin, Juan Manuel"]
[Black "Fernandez Garcia, Ignacio"]
[Result "0-1"]
[WhiteElo "1874"]
[BlackElo "1794"]
[PlyCount "86"]
[EventDate "2012.11.05"]
[EventType "swiss"]
[EventRounds "9"]
[EventCountry "ESP"]
[SourceTitle "CBM 151 Extra"]
[Source "ChessBase"]
[SourceDate "2012.12.18"]
[SourceVersion "1"]
[SourceVersionDate "2012.12.18"]
[SourceQuality "1"]

1. d4 Nf6 2. Bf4 d5 3. e3 c6 4. c3 Nbd7 5. Bd3 e6 6. Nd2 c5 7. Ngf3 Qb6 8. Qb3 c4 9. Qxb6 Nxb6 10. Bc2 Bd7 11. Ne5 Ba4 12. Rc1 Bxc2 13. Rxc2 Nfd7 14. 0-0 f6 15. Nxd7 Kxd7 16. e4 Bd6 17. Be3 Rhf8 18. exd5 exd5 19. Nf3 Rfe8 20. Re1 Re6 21. Rce2 Rae8 22. Kf1 Kc6 23. Bc1 Kd7 24. Rxe6 Rxe6 25. Rxe6 Kxe6 26. Ke2 g5 27. g4 h6 28. h3 f5 29. Nd2 Bf4 30. f3 Na4 31. Kd1 b5 32. Nf1 a5 33. Kc2 Bxc1 34. Kxc1 f4 35. Kc2 b4 36. Nd2 Kd6 37. b3 cxb3+ 38. axb3 Nxc3 39. Nf1 Kc6 40. Nd2 Kb5 41. Nf1 Ne2 42. Kd3 Ng1 43. Nd2 a4 0-1

[Event "Madrid-ch"]
[Site "Madrid"]
[Date "2012.11.05"]
[Round "1"]
[White "Castro Uceda, Jose Antonio"]
[Black "Garcia Martin, Juan Manuel"]
[Result "1/2-1/2"]
[WhiteElo "1647"]
[BlackElo "1874"]
[PlyCount "128"]
[EventDate "2012.11.05"]
[EventType "swiss"]
[EventRounds "9"]
[EventCountry "ESP"]
[SourceTitle "CBM 151 Extra"]
[Source "ChessBase"]
[SourceDate "2012.12.18"]
[SourceVersion "1"]
[SourceVersionDate "2012.12.18"]
[SourceQuality "1"]

1. d4 Nf6 2. c4 e5 3. dxe5 Ng4 4. Nf3 Bc5 5. e3 Nc6 6. Nc3 Ngxe5 7. Nxe5 Nxe5 8. e4 d6 9. Be2 Be6 10. Qb3 Bb6 11. Nd5 Nc6 12. Qg3 Bd4 13. Rb1 Be5 14. Bf4 Bxf4 15. Qxf4 Ne5 16. b3 c6 17. Nc3 Ng6 18. Qg3 Qa5 19. 0-0 0-0 20. b4 Qc7 21. Rfd1 Rfd8 22. c5 f6 23. Rxd6 Rxd6 24. Qxd6 Qxd6 25. cxd6 Rd8 26. Rd1 Ne5 27. f4 Nf7 28. f5 Bd7 29. Bc4 Kf8 30. Bxf7 Kxf7 31. Ne2 g6 32. g4 gxf5 33. exf5 Rg8 34. h3 h5 35. Rd4 hxg4 36. hxg4 Re8 37. Kf2 Re5 38. Nf4 b6 39. a3 a6 40. Rc4 a5 41. Rd4 axb4 42. axb4 Re8 43. Nd3 Ra8 44. Re4 Re8 45. Rd4 Ra8 46. Kf3 Ra3 47. Ke3 Ra8 48. Kf3 Rd8 49. Rc4 Bc8 50. Rd4 Bd7 51. Kf4 Re8 52. Kf3 Rd8 53. Nb2 c5 54. bxc5 bxc5 55. Rd2 Bb5 56. Kf4 c4 57. Nd1 Rc8 58. Nc3 Bd7 59. Rb2 Rc6 60. Rd2 Rb6 61. Rd4 Rc6 62. Rd2 Rb6 63. Rd4 Rc6 64. Rd2 Rb6 1/2-1/2

[Event "Madrid-ch Previa-A"]
[Site "Madrid"]
[Date "2012.02.21"]
[Round "8"]
[White "Rodriguez Bachiller, Luis"]
[Black "Garcia Martin, Juan Manuel"]
[Result "1/2-1/2"]
[WhiteElo "1789"]
[BlackElo "1894"]
[PlyCount "44"]
[EventDate "2012.02.06"]
[EventType "swiss"]
[EventRounds "9"]
[EventCountry "ESP"]
[SourceTitle "CBM 147 Extra"]
[Source "ChessBase"]
[SourceDate "2012.04.24"]
[SourceVersion "1"]
[SourceVersionDate "2012.04.24"]
[SourceQuality "1"]

1. Nf3 d5 2. g3 Nf6 3. Bg2 Nc6 4. d4 Bf5 5. c3 Qd7 6. 0-0 Bh3 7. Bf4 Bxg2 8. Kxg2 e6 9. Nbd2 Bd6 10. Bxd6 Qxd6 11. Re1 0-0 12. e4 Nxe4 13. Nxe4 dxe4 14. Rxe4 Rad8 15. Qe2 Ne7 16. Re1 c5 17. Qb5 cxd4 18. Rxd4 Qc6 19. Qxc6 Nxc6 20. Rxd8 Rxd8 21. Re2 Kf8 22. Nd2 Rxd2 1/2-1/2

[Event "Madrid-ch Previa-A"]
[Site "Madrid"]
[Date "2012.02.07"]
[Round "2"]
[White "Benito Mellado, Humberto"]
[Black "Garcia Martin, Juan Manuel"]
[Result "0-1"]
[WhiteElo "1603"]
[BlackElo "1894"]
[PlyCount "52"]
[EventDate "2012.02.06"]
[EventType "swiss"]
[EventRounds "9"]
[EventCountry "ESP"]
[SourceTitle "CBM 147 Extra"]
[Source "ChessBase"]
[SourceDate "2012.04.24"]
[SourceVersion "1"]
[SourceVersionDate "2012.04.24"]
[SourceQuality "1"]

1. d4 e5 2. dxe5 Qe7 3. Nf3 Nc6 4. e3 Nxe5 5. Be2 d6 6. Nc3 Nf6 7. b3 Bg4 8. Bb2 g6 9. Nxe5 Bxe2 10. Nxe2 dxe5 11. Qd3 c6 12. 0-0-0 Bg7 13. h3 0-0 14. Nc3 a5 15. g4 b5 16. a4 Rfd8 17. Qf1 b4 18. Rxd8+ Rxd8 19. Ne2 Nd5 20. e4 Nb6 21. Kb1 Qc5 22. Nc1 Rd2 23. c3 bxc3 24. Nd3 Qd4 25. Kc1 Rxb2 26. Nxb2 Qd2+ 0-1

[Event "Madrid Oliver Gonzalez Memorial 2nd"]
[Site "Madrid"]
[Date "2011.10.15"]
[Round "8"]
[White "Padin Lazaro, Jose Manuel"]
[Black "Garcia Martin, Juan Manuel"]
[Result "1-0"]
[WhiteElo "1737"]
[BlackElo "1932"]
[PlyCount "79"]
[EventDate "2011.10.08"]
[EventType "swiss"]
[EventRounds "9"]
[EventCountry "ESP"]
[SourceTitle "CBM 144 Extra"]
[Source "ChessBase"]
[SourceDate "2011.10.28"]
[SourceVersion "1"]
[SourceVersionDate "2011.10.28"]
[SourceQuality "1"]

1. e4 d5 2. exd5 Nf6 3. d4 Bg4 4. Nf3 Qxd5 5. Nc3 Qf5 6. Be2 Nc6 7. h3 Bxf3 8. Bxf3 0-0-0 9. Bxc6 Qe6+ 10. Be3 Qxc6 11. Qf3 Qxf3 12. gxf3 e6 13. 0-0-0 Nd5 14. Ne4 Bd6 15. Nxd6+ Rxd6 16. c4 Nf6 17. Rhg1 Nh5 18. Kc2 Rhd8 19. Rd2 a6 20. Kc3 g6 21. a4 Ng7 22. b4 Nf5 23. Bg5 R8d7 24. Bf4 Rxd4 25. Rgd1 Rxd2 26. Rxd2 Rxd2 27. Bxd2 Kd7 28. Kd3 c6 29. a5 h5 30. Bg5 Kd6 31. Ke4 e5 32. Bf6 Ke6 33. Bxe5 Nd6+ 34. Bxd6 Kxd6 35. f4 f6 36. h4 c5 37. b5 Ke6 38. bxa6 bxa6 39. f5+ gxf5+ 40. Kf4 1-0

[Event "Madrid Villaverde op 14th"]
[Site "Madrid"]
[Date "2011.04.11"]
[Round "5"]
[White "Ramirez Garcia, Jorge Alberto"]
[Black "Garcia Martin, Juan Manuel"]
[Result "0-1"]
[WhiteElo "2264"]
[BlackElo "1872"]
[PlyCount "134"]
[EventDate "2011.04.04"]
[EventType "swiss"]
[EventRounds "8"]
[EventCountry "ESP"]
[SourceTitle "EXT 2012"]
[Source "ChessBase"]
[SourceDate "2011.11.24"]
[SourceVersion "1"]
[SourceVersionDate "2011.11.24"]
[SourceQuality "1"]

1. d4 Nf6 2. c4 e5 3. dxe5 Ng4 4. e4 Bb4+ 5. Nd2 Nxe5 6. a3 Bxd2+ 7. Bxd2 d6 8. f4 Ng6 9. Qc2 Nc6 10. 0-0-0 Bg4 11. Re1 0-0 12. f5 Nge5 13. h3 Qh4 14. Qc3 f6 15. g3 Qh5 16. Bg2 Bxf5 17. g4 Bxg4 18. hxg4 Qf7 19. b3 a6 20. g5 b5 21. cxb5 axb5 22. Kb2 b4 23. axb4 Nxb4 24. Bf1 Ra2+ 25. Kb1 c5 26. Nf3 Nxf3 27. Qxf3 Rxd2 28. Bc4 d5 29. exd5 Qg6+ 30. Qe4 Qxe4+ 31. Rxe4 fxg5 32. Kc1 Rc2+ 33. Kd1 Ra8 34. d6+ Kh8 35. Ba6 Rf2 36. d7 Nxa6 37. Re8+ Rf8 38. Rhe1 Nc7 39. R8e5 Ra1+ 40. Kd2 Rxe1 41. Kxe1 Rd8 42. Rxc5 Rxd7 43. Rxg5 Rd5 44. Rg4 h5 45. Rc4 Nb5 46. Kf2 Kh7 47. Rc6 Nd4 48. Rb6 Rb5 49. Rd6 Nxb3 50. Kg3 Rb4 51. Ra6 g6 52. Kh3 Nd4 53. Kh4 Kh6 54. Rf6 Nf5+ 55. Kh3 Rb3+ 56. Kh2 Kg5 57. Ra6 h4 58. Rc6 Kh5 59. Rc5 Rd3 60. Ra5 Kg4 61. Ra4+ Rd4 62. Ra3 Rd2+ 63. Kg1 g5 64. Rb3 Nd4 65. Ra3 h3 66. Kh1 Nf3 67. Ra4+ Kh5 0-1

[Event "Madrid-ch Seniors"]
[Site "Madrid"]
[Date "2011.02.17"]
[Round "9"]
[White "Leniz Martinez, Francisco"]
[Black "Garcia Martin, Juan Manuel"]
[Result "1/2-1/2"]
[WhiteElo "1828"]
[BlackElo "1903"]
[PlyCount "50"]
[EventDate "2011.02.07"]
[EventType "swiss"]
[EventRounds "9"]
[EventCountry "ESP"]
[SourceTitle "CBM 140 Extra"]
[Source "ChessBase"]
[SourceDate "2011.03.01"]
[SourceVersion "1"]
[SourceVersionDate "2011.03.01"]
[SourceQuality "1"]

1. Nf3 d5 2. d4 Nf6 3. c4 e6 4. e3 Bb4+ 5. Bd2 Bxd2+ 6. Nbxd2 0-0 7. Bd3 Nbd7 8. 0-0 c5 9. cxd5 Nxd5 10. Rc1 cxd4 11. exd4 N7b6 12. b3 Bd7 13. Ne5 Rc8 14. Qh5 h6 15. Qg4 Qe7 16. Qe4 f5 17. Qf3 Rxc1 18. Rxc1 Rc8 19. Rxc8+ Bxc8 20. h3 Nb4 21. a4 Nxd3 22. Qxd3 Qc7 23. Ndf3 Nd7 24. Qe3 Nxe5 25. Nxe5 Bd7 1/2-1/2

[Event "Madrid-ch sf-A"]
[Site "Madrid"]
[Date "2011.01.17"]
[Round "1"]
[White "Garcia Ruido, Ricardo"]
[Black "Garcia Martin, Juan Manuel"]
[Result "1-0"]
[WhiteElo "2067"]
[BlackElo "1903"]
[PlyCount "65"]
[EventDate "2011.01.17"]
[EventType "swiss"]
[EventRounds "9"]
[EventCountry "ESP"]
[SourceTitle "CBM 140 Extra"]
[Source "ChessBase"]
[SourceDate "2011.03.01"]
[SourceVersion "1"]
[SourceVersionDate "2011.03.01"]
[SourceQuality "1"]

1. d4 Nf6 2. c4 e5 3. dxe5 Ng4 4. e4 Nxe5 5. f4 Ng6 6. Nf3 Bb4+ 7. Nc3 Qe7 8. Bd3 Nc6 9. 0-0 Bxc3 10. bxc3 d6 11. Nd4 0-0 12. Ba3 Nxd4 13. cxd4 c5 14. f5 Nh4 15. g3 Nxf5 16. exf5 Qe3+ 17. Rf2 Bxf5 18. Bxf5 Qxa3 19. Be4 Rab8 20. Bd5 Qe3 21. dxc5 dxc5 22. Rb1 b6 23. Rb3 Qe7 24. Rbf3 h6 25. Rxf7 Rxf7 26. Rxf7 Qe3+ 27. Kg2 Kh8 28. Qg4 Qc3 29. Qg6 Re8 30. Qf5 Qd4 31. Rf8+ Rxf8 32. Qxf8+ Kh7 33. Bg8+ 1-0